000 00680nam 22002413 4500
001 202097
021 _aPT
090 _a202097
100 _a20240117d u||y0pory50 ba
101 _apor
102 _aPT
200 _aRápida, a sombra
_fVergílio Ferreira
_eromance
205 _a
210 _aLisboa
_cArcádia
_d1975
215 _a275 p.
_cencadernado
_d20 cm
225 _aObras de Vergílio Ferreira
300 _aContém dedicatória na folha de guarda
606 _93481
_aLiteratura Portuguesa Contos
675 _a821.134.3-3
_vPT
_zpor
700 _91045
_aFerreira
_bVergílio
_f1916-1996
801 _aPT
_bBMMN
_gRPC
830 _cAna Falardo
_fAna Falardo
990 _cLIVROS